LIBRARY & INFORMATION CENTRE, KCAET, TAVANUR

ONLINE PUBLIC ACCESS CATALOGUE (OPAC)

Engineering mechanics (Record no. 13657)

MARC details
000 -LEADER
fixed length control field 00318nam a22001337a 4500
020 ## - INTERNATIONAL STANDARD BOOK NUMBER
ISBN 9789381141311
082 ## - DEWEY DECIMAL CLASSIFICATION NUMBER
Classification number 620.1
Item number RAM.EN
100 ## - MAIN ENTRY--AUTHOR NAME
Personal name Ramamurty, G
245 ## - TITLE STATEMENT
Title Engineering mechanics
250 ## - EDITION STATEMENT
Edition statement 2nd
260 ## - PUBLICATION, DISTRIBUTION, ETC. (IMPRINT)
Place of publication New Delhi
Name of publisher I.K International Publishing House Pvt. Ltd
Year of publication 2011
300 ## - PHYSICAL DESCRIPTION
Number of Pages 446
942 ## - ADDED ENTRY ELEMENTS (KOHA)
Koha item type Books
Holdings
Withdrawn status Lost status Damaged status Collection code Home library Current library Shelving location Date acquired Source of acquisition Cost, normal purchase price Full call number Accession Number Koha item type
      Non-fiction KAUAET KAUAET General Stacks 31/03/2012 Cosmo Books, Calicut 225.00 620.1 RAM.EN 22329 Books
free website counter